000 00665nam a2200217 a 4500
001 000012851
005 20200929163103.0
008 091117s1969 ve 001 f spa d
040 _aDO-SdBNP
_bspa
_cBNPHU
082 _a813.5
_bB261b, 1969
100 1 _aBarnes, Dujna,
_d1892-1982
_929731
245 1 3 _aEl bosque de la noche /
_cDjuna Barnes ; prólogo T. S. Eliot.
250 _a2a ed.
260 _aCaracas :
_bMonte Ávila,
_c1969.
300 _a174, [1] p. ;
_c20 cm.
490 1 _aPrisma
650 4 _aNovela estadounidense
_9262
650 4 _aLiteratura estadounidense
_ySIGLO XX
_96874
700 1 _aEliot, T. S.,
_epról.
_929732
830 0 _aPrisma
_93770
999 _c12499
_d12499